000 01413nam a2200373 i 4500
001 000003920
003 DO-SdBNP
005 20250716102244.0
007 ta
008 090715d2002 dr a r 000 0 spa d
020 _a999340294X
040 _aDO-SdBNP
_bspa
_cBNPHU
_erda
041 _aspa
082 4 _a378.0115
_bM181e
_222
100 1 _aMadé Serrano, Nicolás,
_eautor
_4aut.
_911801
245 1 0 _aEducación superior, medio ambiente y reingeniería académica /
_cNicolás Madé Serrano.
264 1 _aSanto Domingo :
_bAguiar,
_c2002.
300 _avolumen :
_bilustraciones, gráficos, tablas ;
_c23 cm.
336 _atexto
_btxt
_2rdacontent
337 _asin mediación
_bn
_2rdamedia
338 _avolumen
_bnc
_2rdacarrier
500 _aIncluye datos biográficos del autor en la solapa de la cubierta.
500 _aLa biblioteca posee el v.1.
504 _aBibliografía: páginas 383-408.
590 _aInventariado, 2018/BT
650 4 _aEducación superior
_xFines y objetivos
_zRepública Dominicana
_911802
650 4 _aEducación ambiental
_zRepública Dominicana
_910804
650 4 _aProtección del medio ambiente
_94185
650 4 _aDesarrollo científico y tecnológico
_zRepública Dominicana
_911803
650 4 _aReforma educativa
_911804
650 4 _aDesarrollo curricular
_zRepública Dominicana
_911805
910 _aValidado. Control de calidad. EMS
942 _2ddc
_cLBS1
999 _c3739
_d3739